[Event "AUTO-OPEN-4651"]
[Site "http://www.queenalice.com/game.php?id=1873087"]
[Date "2026.5.8"]
[Round "1"]
[White "Tonto"]
[Black "SGF"]
[Result "1-0"]
[WhiteElo "1953"]
[BlackElo "1741"]

1. d4 d5 2. e3 Nf6 3. Nf3 Bg4 4. Be2 a6 5. O-O h6 6. Nc3 Ne4 7. Nxe4 dxe4 8. Ne5
Bxe2 9. Qxe2 Qd5 10. c4 Qe6 11. c5 Nc6 12. Nxc6 Qxc6 13. b4 g5 14. a4 e6 15. Bb2
Rh7 16. b5 Qd5 17. b6 c6 18. a5 h5 19. f3 h4 20. f4 gxf4 21. Rxf4 f5 22. h3 Bh6
23. Rxh4 Bxe3+ 24. Qxe3 Rxh4 25. Qg5 Rh8 26. Qg6+ Kf8 27. Qf6+ Kg8 28. Bc1 Qd7
29. Bf4 Qf7 30. Qg5+ Kf8 31. Qg3 Rd8 32. Rd1 Qh5 33. Rd2 Rg8 34. Bd6+ Kf7 35.
Qf4 Qxh3 36. Re2 Qd3 37. Qf2 Qd1+ 38. Re1 Qa4 39. Rxe4 Qxa5 40. Be5 Rg6 41. Qh4
Rdg8 42. Qh7+ Ke8 43. Re2 Qb5 44. Bd6 R6g7 45. Qh5+ Rg6 46. Rxe6+ Kf7 47. Qxf5+
Kg7 48. Rxg6+ Kh7 49. Qh5# 1-0

[Event "AUTO-OPEN-4651"]
[Site "http://www.queenalice.com/game.php?id=1873088"]
[Date "2026.5.8"]
[Round "1"]
[White "SGF"]
[Black "Tonto"]
[Result "0-1"]
[WhiteElo "1737"]
[BlackElo "1961"]

1. e4 e5 2. Qf3 Nf6 3. d3 Be7 4. Be2 b6 5. Qg3 d6 6. Bf3 O-O 7. Bh6 g6 8. Bxf8
Bxf8 9. h4 Bh6 10. h5 Bf4 11. Qh4 g5 12. Qxf4 gxf4 13. Nc3 c6 14. h6 Ng4 15.
Bxg4 Bxg4 16. f3 Be6 17. O-O-O Na6 18. a3 Qg5 19. Rd2 d5 20. Nh3 Bxh3 21. gxh3
d4 22. Ne2 Qxh6 23. b4 Qh5 24. Ng1 Kh8 25. h4 c5 26. b5 Nc7 27. a4 a6 28. bxa6
Rxa6 29. Ne2 Qxf3 30. Rg1 Rxa4 31. Kb2 Qe3 32. Rgd1 c4 33. c3 dxc3+ 34. Nxc3
Rb4+ 35. Kc2 f3 36. Rf1 Nb5 37. Nd5 cxd3+ 38. Kc1 Rb1+ 39. Kxb1 Qxd2 40. Rc1
Na3+ 41. Ka1 Qxc1+ 42. Ka2 d2 43. Ne3 f2 44. Kb3 f1=Q 45. Nxf1 d1=Q+ 46. Kb4
Qc4+ 47. Kxa3 Qdb3# 0-1

[Event "AUTO-OPEN-4653"]
[Site "http://www.queenalice.com/game.php?id=1873613"]
[Date "2026.5.21"]
[Round "1"]
[White "Tonto"]
[Black "josebaron"]
[Result "1-0"]
[WhiteElo "1935"]
[BlackElo "2189"]

1. e4 e5 2. Nf3 Nc6 3. Be2 Nf6 4. d3 Bc5 5. Bg5 O-O 6. Nbd2 h6 7. Bh4 d5 8. exd5
Qxd5 9. Bxf6 gxf6 10. Ne4 Be7 11. O-O f5 12. c4 Qe6 13. Nc3 Kh8 14. Nb5 Bd8 15.
d4 exd4 16. Nbxd4 Nxd4 17. Nxd4 Qg6 18. Qd2 Rg8 19. Bf3 Bf6 20. Nb5 c6 21. Nd6
Be6 22. Nxb7 Bxc4 23. Rfe1 Bd5 24. Bxd5 cxd5 25. Qxd5 Bxb2 26. Rab1 Bc3 27. Re3
Bd4 28. Qxd4+ f6 29. Rg3 Qf7 30. Rxg8+ Rxg8 31. Nd6 Qg7 32. g3 1-0

[Event "AUTO-OPEN-4653"]
[Site "http://www.queenalice.com/game.php?id=1873614"]
[Date "2026.5.21"]
[Round "1"]
[White "josebaron"]
[Black "Tonto"]
[Result "1-0"]
[WhiteElo "2206"]
[BlackElo "1988"]

1. e4 e5 2. Nf3 d6 3. Nc3 Nf6 4. d4 Bg4 5. dxe5 Bxf3 6. Qxf3 dxe5 7. Bd3 Bb4 8.
Bd2 Nc6 9. O-O Nd4 10. Qd1 O-O 11. a3 Ba5 12. h3 c5 13. Re1 a6 14. Rb1 b5 15. b4
cxb4 16. axb4 Bb6 17. Be3 Qd6 18. Nd5 Nxd5 19. exd5 Qxd5 20. c3 Rfe8 21. cxd4 e4
22. Bc2 Bc7 23. Qg4 Qd6 24. Bxe4 Rad8 25. g3 g6 26. Qf3 Qe6 27. Bc6 Rf8 28. Bf4
Qf6 29. Bxc7 Qxf3 30. Bxf3 Rxd4 31. Bb6 Rd3 32. Kg2 f5 33. Bc5 Rf7 34. Rbd1 Rxd1
35. Rxd1 Kg7 36. Rd6 f4 37. g4 Rf6 38. Bd4 1-0